Sokáig tart a közgyűlés tárgyalás üres padok előtt
Elmentve itt :
| Dokumentumtípus: | Cikk |
|---|---|
| Megjelent: |
1912-07-03
|
| Sorozat: | Délmagyarország
3 No. 151 |
| Kulcsszavak: | Közgyűlés Szeged 1912 |
| Online Access: | http://dmarchiv.bibl.u-szeged.hu/58993 |
| LEADER | 00443nab a2200145 i 4500 | ||
|---|---|---|---|
| 001 | delm58993 | ||
| 005 | 20180927144650.0 | ||
| 008 | 180927s1912 hu o 0|| hun d | ||
| 040 | |a SZTE Délmagyarország Archívum |b hun | ||
| 041 | |a hun | ||
| 245 | 0 | 0 | |a Sokáig tart a közgyűlés |h [elektronikus dokumentum] : |b tárgyalás üres padok előtt |
| 260 | |c 1912-07-03 | ||
| 300 | |a 8-9 | ||
| 490 | 0 | |a Délmagyarország |v 3 No. 151 | |
| 695 | |a Közgyűlés Szeged 1912 | ||